00601nam a22002177a 45000010005000000030006000050050017000110080041000280200018000690400029000870500009001160820008001251000018001332450064001512600037002153000049002525050008003015210029003095210020003387000025003587670FISKH20250730150824.0250730b cb ||||| |||| 00| 0 eng d a9788183854382 aFISKHbengcFISKHdFISKH aPZ7  a500 aBarua, Arpita aScience experiments with magnet / cWritten by Arpita Barua aNoida : bHello friend , c2007. a24 pages : bcolor illustrations ;c28 cm .  aK 8 a510 bLexile estimate 8 aK bRaz-Plus  aChandooeIllustrator